Регионална библиотека "Любен Каравелов" - Русе

От процеса в Лайпциг до лагерите в Сибир (Запис номер 157017)

MARC детайли
000 -Лидер
Контролно поле с фиксирана дължина 02186nam a2200457 c 4500
003 - Код на организацията, давaща контролен номер
Контролно поле BLK
005 - Дата и час на последна редакция
Контролно поле 20180422113505.0
008 - Елементи от данни с фиксирана дължина
fixed length control field 180410b bul|||||r ||||||| ||bul||
010 ## - Наследен системен номер
LC control number KNG00163933000
040 ## - Източник на каталожния запис
Идентификатор на билиотеката - собственик на записа BLK
041 ## - Код за език
Код за езика на текст/звукозапис или на отделно заглавие Български
Код за езика КДБФ Български
080 ## - УДК
Текстов определител УДК Българска литература
УДК код - определител по УДК 821.163.2
УДК определител -94
УДК - код + определител 821.163.2-94
080 ## - УДК
Текстов определител УДК Комунистически партии. Вж и 327.323
УДК код - определител по УДК 329.15
УДК определител (497.2)БКП(092)(093.3)
УДК - код + определител 329.15(497.2)БКП(092)(093.3)
080 ## - УДК
Текстов определител УДК Деец на БКП
УДК код - определител по УДК 929 Попов, Благой Симеонов
УДК определител
УДК - код + определител 929 Попов, Благой Симеонов
100 1# - Редна дума - Автор
Автор Попов, Благой Симеонов
Авторска отговорност първи автор
R(LIN) 378250
139 ## - Редно поле
Редна дума Попов, Благой Симеонов
Авторски знак Попов - П 76
245 10 - Сведения за заглавието
Заглавие От процеса в Лайпциг до лагерите в Сибир
Подзаглавни данни Спомени
Редно поле (дума) Благой Симеонов Попов; състав. и ред. Боян Григоров; състав. и ред. Милан Стоянов.
257 ## - Страна на издаване
Страна на създаване/издаване България
260 ## - Област на издателските данни
-- София
Име на издателя, разпространителя и проч. Христо Ботев
Година на издаване 1991
Печатница София : Д. Благоев
300 ## - Физическа характеристика
Страници 391 с., 7 л.
Илюстрации и др. ил., портр., факс.
Размери/Мащаб 21 см
380 ## - Жанр
Жанр Обществени науки
500 ## - Общи забележки
Забележка 4 770 тир. - Съдържа и Спомени за Благой Попов. - Липсват сведения за 1. изд.
600 14 - Име на лице, използвано като предмет
За него / За нея Попов, Благой Симеонов
9 (RLIN) 378250
650 #4 - Допълнително описание по предмет – тема
Основно описание – тема или топоним Попов, Благой Симеонов
9 (RLIN) 378250
650 #4 - Допълнително описание по предмет – тема
Основно описание – тема или топоним БКП - дейци - спомени
9 (RLIN) 241772
650 #4 - Допълнително описание по предмет – тема
Основно описание – тема или топоним Политически процеси
9 (RLIN) 318233
651 #4 - Допълнително описание по предмет - топоним
Географско понятие СССР
9 (RLIN) 179592
651 #4 - Допълнително описание по предмет - топоним
Географско понятие България
9 (RLIN) 241624
653 ## - Ключова дума – ненормативна
Ключова дума Благой Попов
653 ## - Ключова дума – ненормативна
Ключова дума антифашисти
653 ## - Ключова дума – ненормативна
Ключова дума политически репресии
653 ## - Ключова дума – ненормативна
Ключова дума комунисти
653 ## - Ключова дума – ненормативна
Ключова дума спомени
700 1# - Други автори (авторска отговорност)
Лично име Григоров, Боян
Автороска отговорност (Описва отношението между автора и произведението) състав. и ред.
9 (RLIN) 381302
700 1# - Други автори (авторска отговорност)
Лично име Стоянов, Милан
Автороска отговорност (Описва отношението между автора и произведението) състав. и ред.
9 (RLIN) 381303
852 ## - Местоположение
Форматна сигнатура Цб 165210
856 4# - Електронен адрес и достъп
Електронен формат pdf - файл
Път до файла /url/
856 4# - Електронен адрес и достъп
Електронен формат pdf - файл
Път до файла /url/
942 ## - АРТИКУЛИ
Вид на библиотечния материал Книги
Скрит в OPAC Не
944 ## - СЪЗДАВАНЕ И РЕДАКЦИЯ на ЗАПИСА
Създаване/Редакция Създаване
Дата на регистрацията/редакция 08.08.2014
Статус, дата на статуса ф / 08.08.2014
Служител, извършил регистрацията/редакцията Любка_Николова
944 ## - СЪЗДАВАНЕ И РЕДАКЦИЯ на ЗАПИСА
Създаване/Редакция Редакция
Дата на регистрацията/редакция 28.01.2015
Статус, дата на статуса ф / 08.08.2014
Служител, извършил регистрацията/редакцията Людмила_Стоянова
999 ## - СИСТЕМНИ КОНТРОЛНИ НОМЕРА
Koha biblionumber 157017
Koha biblioitemnumber 157017
Наличности
Код за отписване Код за изгубен артикул Източник на класификационната схема Код за повреда Коз за рестрикции Код за отдаване Артикулен № Име на библиотеката - собственик Име на библиотеката, в която се намира в момента Статус (Текущо местоположение) Дата на вписване в системата Местоположение - отдел Цена в лева Инвентарен номер Систематично азбучна сигнатура Баркод Номер на екземпляра Цена в евро Служебна бележка Служебен тип на артикула
  Не е изгубен Universal Decimal Classification Не е повреден без рестрикции ползва се в читалня 262986 Регионална библиотека "Любен Каравелов" Русе Регионална библиотека "Любен Каравелов" Русе Хранилище 1991-01-01 Хранилище 9.89 544618 Цб 165210 120000544618 1 5.06 N: стар фонд Дата: 01.01.1991 Книги
Изтеглен Не е изгубен Universal Decimal Classification Не е повреден без рестрикции заемане за дома 262987 Регионална библиотека "Любен Каравелов" Русе Регионална библиотека "Любен Каравелов" Русе Заемна - подръчен фонд 1991-01-01 Заемна - подръчен фонд 9.89 544447 П 886.7-9/П 76 544447 2 5.06 N: стар фонд Дата: 01.01.1991 Дата инв: 12.02.2018 Бележки инв: П2018 Книги
Изтеглен Не е изгубен Universal Decimal Classification Не е повреден без рестрикции заемане за дома 262988 Регионална библиотека "Любен Каравелов" Русе Регионална библиотека "Любен Каравелов" Русе Заемна - подръчен фонд 1991-01-01 Заемна - подръчен фонд 9.89 544448 П 886.7-9/П 76 544448 3 5.06 N: стар фонд Дата: 01.01.1991 Дата инв: 12.02.2018 Бележки инв: П2018 Книги
Vip Innovations Ltd, Rousse, Bulgaria 2025